Report of geological exploration of 40th parallel, made by order of Secretary of War according to Acts of Congress of Mar. 2, 1867 and Mar. 3, 1869.

Bibliographic Details
Corporate Author: United States. War Department. Corps of Engineers
Format: Government Document eBook
Language:English
Published: [Washington] : GPO, 1877.
Subjects:
Online Access:Connect to the full text of this electronic document

MARC

Tag First Indicator Second Indicator Subfields
LEADER 00000cam a22000001a 4500
001 in00003628921
005 20190408170943.0
006 m o d f
007 cr bn mmmapmmp
008 141127s1877 dcu o f001 0 eng d
035 |a ebd1909212772 
040 |a UMI  |c UMI  |d UtOrBLW 
086 0 |a W 7.10:18/[v.4] 
099 |a W710-18.5 
110 1 |a United States.  |b War Department.  |b Corps of Engineers.  |0 http://id.loc.gov/authorities/names/no92005288 
245 1 0 |a Report of geological exploration of 40th parallel, made by order of Secretary of War according to Acts of Congress of Mar. 2, 1867 and Mar. 3, 1869. 
264 1 |a [Washington] :  |b GPO,  |c 1877. 
300 |a 1 online resource (674+illus. pages) 
336 |a text  |b txt  |2 rdacontent 
337 |a computer  |b c  |2 rdamedia 
338 |a online resource  |b cr  |2 rdacarrier 
500 |a Includes indexes. 
533 |a Electronic reproduction.  |b [Bethesda, Md.] :  |c ProQuest,  |d 2014.  |e digital, PDF file.  |n ProQuest U.S. Executive Branch Documents  |n Mode of access: World Wide Web via ProQuest website. 
588 |a Record is based on online resource; title from PDF title page (ProQuest, last viewed Nov. 2014). Reuse except for individual research requires license from ProQuest, LLC. 
500 |a Electronic resource. 
650 0 |a Paleontology.  |0 http://id.loc.gov/authorities/subjects/sh85097123 
651 0 |a California.  |0 http://id.loc.gov/authorities/names/n79041717 
651 0 |a Nevada.  |0 http://id.loc.gov/authorities/names/n79072716 
651 0 |a Utah.  |0 http://id.loc.gov/authorities/names/n79021759 
655 7 |a Electronic books.  |2 local 
856 4 0 |u http://proxy.library.tamu.edu/login?url=http://congressional.proquest.com/congressional/docview/t66.d71.w710-18.5  |z Connect to the full text of this electronic document  |t 0 
999 f f |s 3beb4361-c7a4-3122-b6ec-38966f321ffb  |i 3b959a36-e0b4-32ba-a4e6-05ab23480fca  |t 0 
952 f f |a Texas A&M University  |b College Station  |c Electronic Resources  |d Available Online  |t 0  |h No information provided 
998 f f |t 0  |l Available Online